[Event "I C.to Unione Europea"]
[Site "Cork IRL"]
[Date "2005.03.29"]
[Round "8"]
[White "Manca, Federico"]
[Black "Kallio, Heikki"]
[Result "1/2-1/2"]
[WhiteElo "2373"]
[BlackElo "2469"]
[PlyCount "117"]
[EventDate "2005.03.22"]

1. e4 g6 2. d4 Bg7 3. Nc3 d6 4. Be3 Nf6 5. f3 c6 6. Qd2 b5 7. h4 h5 8. Nh3 Nbd7
9. Ng5 Nb6 10. b3 Bb7 11. g3 a6 12. Bh3 c5 13. Ne2 cxd4 14. Nxd4 Bc8 15. O-O-O
Bxh3 16. Rxh3 O-O 17. Nc6 Qc7 18. Nxe7+ Qxe7 19. Bxb6 d5 20. e5 Qxe5 21. Bd4
Qd6 22. Qf4 Qxf4+ 23. gxf4 Rfd8 24. f5 Ne8 25. fxg6 fxg6 26. Rh2 Bxd4 27. Rxd4
Ng7 28. Rhd2 Nf5 29. Rf4 Rd6 30. a4 d4 31. Re4 bxa4 32. bxa4 Rc8 33. Re6 Rxe6
34. Nxe6 Rc4 35. a5 Ra4 36. Kb2 Kf7 37. Kb3 Rxa5 38. Nxd4 Nxh4 39. c4 Nf5 40.
Kb4 Nxd4 41. Rxd4 Rf5 42. c5 a5+ 43. Kb5 Rxf3 44. c6 Rc3 45. Kb6 Ke6 46. c7 g5
47. Rd3 Rc4 48. Rd4 Rxc7 49. Kxc7 h4 50. Rg4 Kf5 51. Ra4 h3 52. Rxa5+ Kg4 53.
Kd6 h2 54. Ra1 Kf4 55. Rh1 Kg3 56. Ke5 Kg2 57. Rxh2+ Kxh2 58. Kf5 Kh3 59. Kxg5
1/2-1/2

[Event "I C.to Unione Europea"]
[Site "Cork IRL"]
[Date "2005.03.29"]
[Round "8"]
[White "Pastres, Roberto"]
[Black "Rendle, Thomas E."]
[Result "0-1"]
[WhiteElo "2175"]
[BlackElo "2370"]
[PlyCount "96"]
[EventDate "2005.03.22"]

1. e4 e6 2. b3 d5 3. Bb2 Nf6 4. exd5 exd5 5. Qe2+ Qe7 6. Bxf6 gxf6 7. Qxe7+
Bxe7 8. Nc3 c6 9. O-O-O Bf5 10. Nge2 h5 11. Re1 h4 12. Nf4 Kf8 13. Bd3 Bxd3 14.
Nxd3 Nd7 15. Re2 Bd6 16. f4 Kg7 17. Nd1 Kg6 18. Rhe1 a5 19. Ne3 a4 20. b4 Nb6
21. c3 Nc4 22. Nc2 b6 23. Nd4 c5 24. Nb5 Rac8 25. Rf1 Bb8 26. Rf3 Nd6 27. Nxd6
Bxd6 28. Kb2 c4 29. f5+ Kg5 30. Nf2 Rhe8 31. Nh3+ Kh5 32. Rfe3 Rxe3 33. Rxe3
Kg4 34. Rf3 Bxh2 35. Nf2+ Kh5 36. Nd1 b5 37. Ne3 Rd8 38. Kc2 d4 39. Nf1 Be5 40.
a3 Rg8 41. Rf2 d3+ 42. Kc1 Bb8 43. Ne3 Ba7 44. Nd5 Bxf2 45. Nxf6+ Kg5 46. Nxg8
Kxf5 47. Nh6+ Kf4 48. Nxf7 Kg3 0-1

[Event "I C.to Unione Europea"]
[Site "Cork IRL"]
[Date "2005.03.30"]
[Round "9"]
[White "Eisenbeiser, Karlheinz"]
[Black "Pastres, Roberto"]
[Result "1-0"]
[WhiteElo "2064"]
[BlackElo "2175"]
[PlyCount "67"]
[EventDate "2005.03.22"]

1. e4 c5 2. Nf3 e6 3. d4 cxd4 4. Nxd4 a6 5. Bd3 Nc6 6. Nxc6 dxc6 7. O-O e5 8.
Nd2 Qc7 9. a4 a5 10. Nc4 Bc5 11. Qh5 Bd6 12. b3 Ne7 13. Bb2 Ng6 14. Nxd6+ Qxd6
15. Ba3 Qf6 16. g3 h6 17. Rae1 Be6 18. Be2 Qg5 19. h4 Qxh5 20. Bxh5 Nf8 21. f4
g6 22. Bf3 Nd7 23. f5 gxf5 24. exf5 Bxf5 25. Bxc6 bxc6 26. Rxf5 Rg8 27. Kh2 Rg6
28. Bc1 Re6 29. Rh5 Nf6 30. Rf5 Ng4+ 31. Kh3 h5 32. Rxh5 O-O-O 33. Kxg4 Rg8+
34. Rg5 1-0

[Event "I C.to Unione Europea"]
[Site "Cork IRL"]
[Date "2005.03.30"]
[Round "9"]
[White "Gandolfi, Gianfranco"]
[Black "Balogh, Emese"]
[Result "0-1"]
[WhiteElo "1967"]
[BlackElo "2111"]
[PlyCount "58"]
[EventDate "2005.03.22"]

1. e4 c5 2. Nf3 Nc6 3. d4 cxd4 4. Nxd4 Nf6 5. Nc3 e5 6. Ndb5 d6 7. a4 a6 8. Na3
Be6 9. Bc4 Be7 10. O-O O-O 11. f3 Qb6+ 12. Kh1 Rac8 13. Nd5 Bxd5 14. Bxd5 Nxd5
15. Qxd5 Nd4 16. a5 Qc5 17. Qxb7 Bh4 18. Qxa6 Rc6 19. Qd3 Qxa5 20. Be3 Ne6 21.
Nb5 Qd8 22. c4 Nf4 23. Bxf4 exf4 24. Qd5 Qb6 25. b3 Rc5 26. Qd3 Rh5 27. Qd4
Rxb5 28. Qxb6 Rxb6 29. b4 Rxb4 0-1

[Event "I C.to Unione Europea"]
[Site "Cork IRL"]
[Date "2005.03.30"]
[Round "9"]
[White "Rendle, Thomas E."]
[Black "Manca, Federico"]
[Result "1/2-1/2"]
[WhiteElo "2370"]
[BlackElo "2373"]
[PlyCount "54"]
[EventDate "2005.03.22"]

1. e4 g6 2. d4 Bg7 3. Nc3 d6 4. Be3 a6 5. h4 Nf6 6. Be2 h5 7. Nf3 b5 8. a3 Ng4
9. Bg5 Nd7 10. Nd5 Ndf6 11. Nxf6+ exf6 12. Bf4 f5 13. Bd3 O-O 14. O-O fxe4 15.
Bxe4 Rb8 16. c3 Qd7 17. Ng5 Nf6 18. Bd3 Bb7 19. f3 Nd5 20. Qd2 Rbd8 21. Ne4 Qc6
22. Bh6 Qd7 23. Rae1 Rde8 24. Bb1 Qd8 25. Bg5 Qd7 26. Bh6 Qd8 27. Bg5 Qd7
1/2-1/2

[Event "I C.to Unione Europea"]
[Site "Cork IRL"]
[Date "2005.03.30"]
[Round "9"]
[White "Rossi, Carlo"]
[Black "Schulz, Michael"]
[Result "1-0"]
[WhiteElo "2367"]
[BlackElo "2238"]
[PlyCount "85"]
[EventDate "2005.03.22"]

1. e4 c5 2. Nf3 Nc6 3. Bb5 g6 4. O-O Bg7 5. Re1 Nf6 6. h3 O-O 7. c3 Qb6 8. Ba4
h6 9. e5 Nd5 10. Bb3 e6 11. d4 cxd4 12. cxd4 Nde7 13. Nc3 Nf5 14. d5 Ncd4 15.
Nxd4 Qxd4 16. Bd2 a6 17. Re4 Qa7 18. g4 Nh4 19. Be3 Qb8 20. a4 b6 21. f4 f5 22.
Rb4 b5 23. Qe2 g5 24. Rf1 Kh8 25. Bf2 Ng6 26. fxg5 fxg4 27. gxh6 Bxe5 28. Rxg4
Nf4 29. Qf3 Bb7 30. Bc5 Qc7 31. Bxf8 Rxf8 32. Rf2 Bd4 33. Kh1 Bxf2 34. Qxf2
bxa4 35. Bc2 Qc4 36. Kh2 a3 37. Rg7 Rf5 38. Bxf5 exf5 39. Qg3 Qd4 40. Ne2 Qxb2
41. Re7 Bxd5 42. Qxf4 Be6 43. Qd4+ 1-0

[Event "I C.to Unione Europea"]
[Site "Cork IRL"]
[Date "2005.03.31"]
[Round "10"]
[White "Manca, Federico"]
[Black "Sarakauskas, Gediminas"]
[Result "0-1"]
[WhiteElo "2373"]
[BlackElo "2449"]
[PlyCount "78"]
[EventDate "2005.03.22"]

1. e4 e5 2. Nf3 Nc6 3. d4 exd4 4. Nxd4 Bc5 5. Nxc6 Qf6 6. Qd2 dxc6 7. Nc3 Bd4
8. Bd3 Ne7 9. O-O Ng6 10. Qe1 Ne5 11. Be2 g5 12. Kh1 Rg8 13. Na4 Ng6 14. Qd1
Nf4 15. Bg4 Bxg4 16. Qxg4 h5 17. Qf3 Ne6 18. Qxf6 Bxf6 19. Be3 O-O-O 20. Rad1
b6 21. Nc3 Kb7 22. Rxd8 Rxd8 23. Rd1 Bd4 24. Bxd4 Rxd4 25. Kg1 b5 26. h4 gxh4
27. Rxd4 Nxd4 28. Kh2 Nxc2 29. Kh3 Ne1 30. Kxh4 Nxg2+ 31. Kxh5 Nf4+ 32. Kg5
Nh3+ 33. Kf6 Nxf2 34. e5 b4 35. Na4 Nd3 36. a3 c5 37. axb4 cxb4 38. b3 a5 39.
Kf5 Kc6 0-1

[Event "I Weekend Re Laurino A"]
[Site "Moena ITA"]
[Date "2005.03.25"]
[Round "2"]
[White "Perissinotto, Claudio"]
[Black "Pinton, Maurizio"]
[Result "1-0"]
[WhiteElo "2100"]
[BlackElo "2107"]
[PlyCount "75"]
[EventDate "2005.03.25"]

1. e4 d5 2. exd5 Nf6 3. d4 Nxd5 4. c4 Nf6 5. Nf3 g6 6. h3 Bg7 7. Nc3 c6 8. Bd3
O-O 9. O-O Nbd7 10. Re1 Re8 11. Bf4 Nh5 12. Bh2 Qb6 13. Qc2 Nf8 14. d5 Bxc3 15.
Qxc3 cxd5 16. cxd5 Bd7 17. Bc7 Qf6 18. Qb4 e6 19. Be5 Qd8 20. g4 Nf6 21. d6 Bc6
22. Nd4 Bd5 23. Nb5 Bc6 24. Bxf6 Qxf6 25. Nc7 a5 26. Nxe8 Rxe8 27. Qc4 Nd7 28.
Be4 Qf4 29. Qc2 Ne5 30. Bxc6 bxc6 31. Re3 Nf3+ 32. Kf1 Nd4 33. Qe4 Qxd6 34. Qe5
Qb4 35. Rd1 c5 36. b3 Rc8 37. Rc1 Qb5+ 38. Kg2 1-0

[Event "I Weekend Re Laurino A"]
[Site "Moena ITA"]
[Date "2005.03.25"]
[Round "2"]
[White "Salami, Marco"]
[Black "Efimov, Igor"]
[Result "1-0"]
[WhiteElo "2164"]
[BlackElo "2468"]
[PlyCount "113"]
[EventDate "2005.03.25"]

1. e4 c5 2. Nf3 a6 3. c3 d6 4. d4 Nd7 5. Bd3 g6 6. O-O Bg7 7. a4 b6 8. Qe2 Bb7
9. Na3 Ngf6 10. Bg5 O-O 11. Rfe1 h6 12. Bd2 d5 13. exd5 Nxd5 14. Nc4 b5 15.
axb5 axb5 16. Nce5 c4 17. Bc2 Qc7 18. Rxa8 Bxa8 19. Nxg6 Re8 20. Nge5 Nxe5 21.
Nxe5 Nf6 22. Qe3 b4 23. Qh3 h5 24. Bg5 Rb8 25. Bxf6 exf6 26. Nf3 Qa5 27. Qg3
Rd8 28. Nh4 Qg5 29. Nf5 Qxg3 30. Nxg3 h4 31. Nf5 h3 32. gxh3 Bf8 33. Re3 Bb7
34. Be4 Bc8 35. Rg3+ Kh8 36. Ne3 Be6 37. d5 Bc8 38. Rf3 Re8 39. Rf4 Bh6 40. Rh4
Kg7 41. Nxc4 Bg5 42. Nd6 Rd8 43. Rh7+ Kg8 44. Nxf7 Re8 45. Nxg5 fxg5 46. Rc7
Bxh3 47. f3 Rb8 48. Kf2 bxc3 49. bxc3 Rb2+ 50. Kg3 Bf1 51. Kg4 Rxh2 52. Kxg5
Kf8 53. c4 Ke8 54. c5 Bh3 55. c6 Kd8 56. Rh7 Rg2+ 57. Kf6 1-0

[Event "I Weekend Re Laurino A"]
[Site "Moena ITA"]
[Date "2005.03.26"]
[Round "4"]
[White "Bonade', Massimo"]
[Black "Salami, Marco"]
[Result "0-1"]
[WhiteElo "2098"]
[BlackElo "2164"]
[PlyCount "100"]
[EventDate "2005.03.25"]

1. d4 e6 2. c4 b6 3. Nc3 Bb4 4. e3 f5 5. Nge2 Bb7 6. a3 Bxc3+ 7. Nxc3 Nf6 8. f3
O-O 9. Bd3 Qe8 10. O-O Qh5 11. e4 fxe4 12. fxe4 Qxd1 13. Rxd1 e5 14. dxe5 Ng4
15. Nd5 Bxd5 16. exd5 Nxe5 17. Bf1 d6 18. b4 Nbd7 19. Bb2 Rf4 20. Rac1 a5 21.
Rd4 Rxd4 22. Bxd4 axb4 23. axb4 Ra4 24. Bc3 Kf8 25. Ra1 Rxa1 26. Bxa1 Ke7 27.
Be2 Kf6 28. Kf2 Kf5 29. Ke3 g6 30. h3 h5 31. g3 Nf6 32. Bc3 g5 33. Be1 g4 34.
hxg4+ hxg4 35. Bc3 b5 36. Bd3+ Nxd3 37. Kxd3 Ne4 38. Be1 Ke5 39. cxb5 Kxd5 40.
Ke3 Ke5 41. b6 cxb6 42. b5 d5 43. Kd3 d4 44. Kc4 Nd6+ 45. Kb4 Kd5 46. Bd2 Ne4
47. Bf4 d3 48. Kb3 d2 49. Kc2 Kc4 50. Be3 Kxb5 0-1

[Event "I Weekend Re Laurino A"]
[Site "Moena ITA"]
[Date "2005.03.26"]
[Round "4"]
[White "Perissinotto, Claudio"]
[Black "Dallaglio, Giovanni"]
[Result "1/2-1/2"]
[WhiteElo "2100"]
[BlackElo "2028"]
[PlyCount "99"]
[EventDate "2005.03.25"]

1. e4 d5 2. exd5 Qxd5 3. Nc3 Qd6 4. d4 Nf6 5. Nf3 Bg4 6. g3 c6 7. Bg2 e6 8. O-O
Qc7 9. Re1 Bd6 10. d5 Nxd5 11. Nxd5 cxd5 12. Qxd5 Nc6 13. Qg5 Bxf3 14. Bxf3 O-O
15. c3 Be7 16. Qh5 g6 17. Qb5 Rac8 18. Bf4 Bd6 19. Bxd6 Qxd6 20. Qxb7 Ne5 21.
Rad1 Nxf3+ 22. Qxf3 Qa6 23. a3 Rb8 24. Rd2 Rb3 25. Qf6 Qb6 26. c4 Qc6 27. Qd4
a5 28. Re3 Rxe3 29. fxe3 Rc8 30. Rc2 a4 31. c5 Rc7 32. e4 Rd7 33. Qb4 e5 34.
Qb8+ Kg7 35. Qxe5+ f6 36. Qf4 Rd4 37. Rd2 Qxc5 38. Kg2 Qc4 39. Rf2 Qe6 40. Re2
f5 41. Qc7+ Kh6 42. Qc1+ Kg7 43. e5 Qd5+ 44. Kf2 Rd3 45. Qf4 Rd4 46. Qg5 Rd3
47. Qe7+ Kh6 48. Qh4+ Kg7 49. Qe7+ Kh6 50. Qh4+ 1/2-1/2

[Event "II Torneo C.V.A. A"]
[Site "Arvier ITA"]
[Date "2005.04.18"]
[Round "1"]
[White "Battistella, Stefano"]
[Black "Garcia Palermo, Carlos Horacio"]
[Result "0-1"]
[WhiteElo "2055"]
[BlackElo "2459"]
[PlyCount "88"]
[EventDate "2005.04.18"]

1. c4 e6 2. Nf3 b6 3. g3 Bb7 4. Bg2 Nf6 5. b3 Be7 6. Bb2 O-O 7. O-O c5 8. e3 d5
9. Qe2 Nc6 10. Nc3 Rc8 11. cxd5 exd5 12. Bh3 Ra8 13. d4 cxd4 14. Nxd4 Nxd4 15.
exd4 Re8 16. Qc2 Bb4 17. Nb5 Bc8 18. Bg2 Ba6 19. a4 Bxb5 20. axb5 Rc8 21. Qd3
Qe7 22. Bh3 Rc7 23. Rac1 Rxc1 24. Bxc1 h6 25. Be3 Ba3 26. Qc2 Ne4 27. Qc6 Rd8
28. Bf4 Bd6 29. Bxd6 Rxd6 30. Qc8+ Rd8 31. Qc2 Qb4 32. Qc7 Rf8 33. Qxa7 Qxd4
34. Qe7 Ra8 35. Qb7 Rf8 36. Qe7 g6 37. Bg2 Ra8 38. Bxe4 dxe4 39. Re1 Ra2 40.
Rf1 Rb2 41. Qa3 e3 42. Qa8+ Kg7 43. Qf3 e2 44. Rc1 Rc2 0-1

[Event "II Torneo C.V.A. A"]
[Site "Arvier ITA"]
[Date "2005.04.18"]
[Round "1"]
[White "Bruno, Fabio"]
[Black "Bondielli, Giorgio"]
[Result "1/2-1/2"]
[WhiteElo "2374"]
[BlackElo "1976"]
[PlyCount "137"]
[EventDate "2005.04.18"]

1. d4 f5 2. Nf3 g6 3. g3 Bg7 4. Bg2 d6 5. O-O Nf6 6. c3 c6 7. Nbd2 O-O 8. Qb3+
d5 9. Ne5 Nbd7 10. c4 e6 11. Nd3 Ne4 12. Nf3 b6 13. Nf4 Ndf6 14. Ne5 Bd7 15.
Qa3 Re8 16. b4 Qe7 17. Qb3 Nd6 18. a4 Nf7 19. Nxd7 Qxd7 20. b5 cxb5 21. cxd5
exd5 22. axb5 Rad8 23. e3 Ne4 24. Rd1 Nfg5 25. Bd2 Ne6 26. Nd3 Nc7 27. Rxa7
Qxb5 28. Qxb5 Nxb5 29. Rb7 Rb8 30. Rxb8 Rxb8 31. Be1 Bf8 32. Nf4 Nc7 33. Rc1
Bd6 34. Bb4 Bxb4 35. Rxc7 Bd6 36. Rd7 Bxf4 37. gxf4 b5 38. Rxd5 b4 39. Bxe4
fxe4 40. Rc5 b3 41. Rc1 Kf7 42. Kf1 Ke6 43. Ke2 Kf5 44. f3 Rb5 45. d5 b2 46.
Rb1 Rb6 47. Kf2 exf3 48. Kxf3 Rb3 49. h3 Rb4 50. Kf2 Rb5 51. Kf3 Rb3 52. Kf2
Rb5 53. h4 Rb4 54. Kf3 Rb3 55. Kf2 Rb4 56. Kf3 Rb3 57. Kf2 Rb4 58. Ke2 Rb3 59.
Kd2 Ke4 60. Kc2 Rxe3 61. d6 Rd3 62. Re1+ Kd4 63. Re7 Rd2+ 64. Kb1 Kc3 65. Rc7+
Kb3 66. Rb7+ Kc3 67. Rc7+ Kb3 68. Rb7+ Kc3 69. Rc7+ 1/2-1/2

[Event "II Torneo C.V.A. A"]
[Site "Arvier ITA"]
[Date "2005.04.18"]
[Round "1"]
[White "Cavatorta, Fosco"]
[Black "Sarno, Spartaco"]
[Result "1/2-1/2"]
[WhiteElo "1997"]
[BlackElo "2382"]
[PlyCount "95"]
[EventDate "2005.04.18"]

1. Nf3 g6 2. e4 d6 3. d4 Nf6 4. Nc3 Bg7 5. h3 O-O 6. Bc4 c6 7. a4 d5 8. Bd3
dxe4 9. Nxe4 Nxe4 10. Bxe4 Nd7 11. c3 e5 12. dxe5 Qc7 13. O-O Nxe5 14. Nxe5
Bxe5 15. f4 Bg7 16. Qc2 f5 17. Qb3+ Qf7 18. Qxf7+ Kxf7 19. Bf3 Re8 20. a5 a6
21. Kf2 Bf6 22. g3 Be6 23. Ra4 Rad8 24. Be3 Rd7 25. Rd1 Rxd1 26. Bxd1 Bd5 27.
Rb4 Re7 28. Bd4 Rd7 29. Bxf6 Kxf6 30. Bf3 Bxf3 31. Kxf3 Ke6 32. Ke3 Re7 33. Rd4
Re8 34. c4 c5 35. Rd5 Rc8 36. Kf3 Rc6 37. g4 b6 38. gxf5+ gxf5 39. Re5+ Kf6 40.
axb6 Rxb6 41. Rxc5 Rb3+ 42. Ke2 Rxb2+ 43. Kd3 Rb6 44. Rd5 Rb3+ 45. Kd4 Rf3 46.
Rd6+ Ke7 47. Rxa6 Rxf4+ 48. Ke5 1/2-1/2

[Event "II Torneo C.V.A. A"]
[Site "Arvier ITA"]
[Date "2005.04.18"]
[Round "1"]
[White "Cebalo, Miso"]
[Black "Didoni, Renato"]
[Result "1-0"]
[WhiteElo "2507"]
[BlackElo "2060"]
[PlyCount "74"]
[EventDate "2005.04.18"]

1. d4 Nf6 2. c4 g6 3. Nc3 d5 4. h4 h5 5. Bg5 c6 6. Bxf6 exf6 7. cxd5 cxd5 8. e3
Nc6 9. Nge2 Bb4 10. a3 Bxc3+ 11. Nxc3 O-O 12. Be2 b6 13. Rc1 Bb7 14. b4 Ne7 15.
g3 Kg7 16. Qb3 a6 17. Kf1 Qd6 18. Kg2 Rac8 19. Qb2 Rc7 20. Bd3 Rfc8 21. Ne2 f5
22. Rxc7 Rxc7 23. Rc1 Ng8 24. Rc3 Nf6 25. Qc2 Rxc3 26. Qxc3 Ne8 27. a4 Nf6 28.
a5 Ne4 29. Bxe4 fxe4 30. axb6 Qxb6 31. Qc5 Qf6 32. Nf4 Qf5 33. Qd6 Qg4 34. Qe5+
Kg8 35. Qb8+ Bc8 36. Nxd5 Kf8 37. Qd6+ Kg7 1-0

[Event "II Torneo C.V.A. A"]
[Site "Arvier ITA"]
[Date "2005.04.18"]
[Round "1"]
[White "De Leeuw, Johannes"]
[Black "Naumkin, Igor"]
[Result "0-1"]
[WhiteElo "1983"]
[BlackElo "2412"]
[PlyCount "78"]
[EventDate "2005.04.18"]

1. e4 e5 2. Nf3 Nc6 3. Bc4 Bc5 4. d3 Nf6 5. O-O d6 6. c3 O-O 7. Qe2 h6 8. Be3
Bb6 9. Nbd2 Ne7 10. Bxb6 axb6 11. d4 Ng6 12. g3 Qe7 13. Rfe1 Re8 14. a3 Bg4 15.
d5 Nh7 16. Qe3 Rf8 17. Bf1 Qd7 18. Bg2 f5 19. exf5 Qxf5 20. Rf1 Nf6 21. c4 Bh3
22. Ne1 Bxg2 23. Kxg2 b5 24. b3 bxc4 25. bxc4 Qh5 26. f3 Ne7 27. Ne4 Nf5 28.
Qd3 Nxe4 29. Qxe4 Ra4 30. g4 Qg5 31. Nc2 Nh4+ 32. Kh1 Qd2 33. Ne1 Rf4 34. Qb1
Raxc4 35. Ra2 Qxd5 36. Qb3 e4 37. Rc2 exf3 38. Nxf3 Nxf3 39. Rg2 Nh4 0-1

[Event "II Torneo C.V.A. A"]
[Site "Arvier ITA"]
[Date "2005.04.18"]
[Round "1"]
[White "De Santis, Alessio"]
[Black "Bettera, Roberto"]
[Result "1-0"]
[WhiteElo "2248"]
[BlackElo "1892"]
[PlyCount "85"]
[EventDate "2005.04.18"]

1. d4 Nf6 2. c4 c5 3. d5 d6 4. Nc3 g6 5. e4 Bg7 6. Be2 O-O 7. h4 h5 8. f3 e6 9.
Bf4 exd5 10. cxd5 Na6 11. Qd2 Nc7 12. Bg5 Rb8 13. a4 a6 14. Qf4 b5 15. axb5
axb5 16. Ra7 b4 17. Nd1 Nb5 18. Bxb5 Rxb5 19. Ne2 Rb7 20. Ra8 Qe7 21. Ne3 Qe5
22. Nc4 Qxf4 23. Bxf4 Rd7 24. Bxd6 Re8 25. Kf2 Bb7 26. Rxe8+ Nxe8 27. Bf4 Ba6
28. Ne5 Rb7 29. Rc1 c4 30. Ke3 Nd6 31. Nd4 b3 32. Nec6 Nb5 33. e5 c3 34. Nxb5
cxb2 35. Rb1 Bxb5 36. Nd4 Bc4 37. d6 Kf8 38. Rxb2 Ra7 39. Kd2 Ra5 40. Kc3 Be6
41. Nxe6+ fxe6 42. Rxb3 Rc5+ 43. Kd4 1-0

[Event "II Torneo C.V.A. A"]
[Site "Arvier ITA"]
[Date "2005.04.18"]
[Round "1"]
[White "Efimov, Igor"]
[Black "Orfali, Marcelo Rafael"]
[Result "1-0"]
[WhiteElo "2458"]
[BlackElo "2041"]
[PlyCount "51"]
[EventDate "2005.04.18"]

1. d4 d5 2. c4 c6 3. Nc3 e6 4. e3 f5 5. Bd3 Nf6 6. Nge2 Bd6 7. Qc2 Ne4 8. O-O
O-O 9. f3 Nxc3 10. bxc3 Nd7 11. Bd2 Nf6 12. Be1 Bd7 13. Bg3 Bxg3 14. Nxg3 b6
15. e4 f4 16. Ne2 e5 17. cxd5 cxd5 18. dxe5 dxe4 19. Bc4+ Kh8 20. exf6 Qxf6 21.
fxe4 Qg5 22. Qd2 Bh3 23. Nxf4 Rad8 24. Bd5 Rf6 25. Rf2 Bc8 26. Nd3 1-0

[Event "II Torneo C.V.A. A"]
[Site "Arvier ITA"]
[Date "2005.04.18"]
[Round "1"]
[White "Frova, Martino"]
[Black "Dvirnyy, Danyyil"]
[Result "0-1"]
[WhiteElo "1742"]
[BlackElo "2120"]
[PlyCount "78"]
[EventDate "2005.04.18"]

1. e4 c5 2. Nf3 d6 3. d4 cxd4 4. Nxd4 Nf6 5. Nc3 g6 6. Be2 Bg7 7. O-O O-O 8.
Be3 Nc6 9. Qd2 Bd7 10. Rad1 Rc8 11. Nb3 Na5 12. Nd5 Nxd5 13. Qxd5 Nxb3 14. Qxb3
Be6 15. c4 Qc7 16. Bxa7 Bxc4 17. Bxc4 Qxc4 18. Qxc4 Rxc4 19. f3 Ra8 20. b3 Rc2
21. Rf2 Rxf2 22. Bxf2 Rxa2 23. Bd4 Ra3 24. Bxg7 Kxg7 25. Rb1 Ra2 26. b4 b5 27.
Kf1 Kf6 28. Rb3 Ke5 29. Rd3 e6 30. Rb3 Kd4 31. Rb1 h5 32. Rd1+ Ke5 33. Rb1 h4
34. Rb3 h3 35. gxh3 Rxh2 36. Kg1 Rc2 37. Rb1 Kf4 38. Rb3 Kg3 39. Kf1 Rf2+ 0-1

[Event "II Torneo C.V.A. A"]
[Site "Arvier ITA"]
[Date "2005.04.18"]
[Round "1"]
[White "Hecht, Hans-Joachim"]
[Black "Antoniacci, Riccardo"]
[Result "1-0"]
[WhiteElo "2384"]
[BlackElo "1997"]
[PlyCount "61"]
[EventDate "2005.04.18"]

1. d4 Nf6 2. c4 e6 3. Nc3 c5 4. d5 exd5 5. cxd5 d6 6. Nf3 g6 7. g3 Bg7 8. Bg2
O-O 9. O-O Re8 10. Nd2 Nbd7 11. h3 a6 12. a4 b6 13. Nc4 Ne5 14. Na3 Rb8 15. f4
Ned7 16. e4 Nh5 17. Kh2 Nf8 18. g4 Nf6 19. Nc4 Kh8 20. Bd2 Ng8 21. e5 dxe5 22.
fxe5 Nh6 23. Qf3 f5 24. g5 Nf7 25. e6 Nxg5 26. Qg3 Nfxe6 27. Qxb8 Nd4 28. Bxg5
Qxg5 29. Rae1 Qd8 30. Qg3 g5 31. Rxe8+ 1-0

[Event "II Torneo C.V.A. A"]
[Site "Arvier ITA"]
[Date "2005.04.18"]
[Round "1"]
[White "Karl, Hans"]
[Black "Hansen, Henrik Damgaard"]
[Result "1-0"]
[WhiteElo "2294"]
[BlackElo "1909"]
[PlyCount "73"]
[EventDate "2005.04.18"]

1. d4 Nf6 2. c4 c5 3. d5 e6 4. Nc3 exd5 5. cxd5 d6 6. e4 a6 7. a4 g6 8. Be2 Bg7
9. Nf3 O-O 10. O-O Re8 11. Nd2 Nbd7 12. f4 Rb8 13. a5 b5 14. axb6 Nxb6 15. Bf3
Nfd7 16. Qc2 Nf8 17. Na4 Bd4+ 18. Kh1 f5 19. Nxb6 Rxb6 20. Nc4 Rb8 21. e5 dxe5
22. fxe5 Bxe5 23. Nxe5 Rxe5 24. Bf4 Nd7 25. Bxe5 Nxe5 26. Qxc5 Nxf3 27. Rxf3
Rxb2 28. Re3 Bb7 29. Rae1 Qf6 30. Re8+ Kg7 31. R8e7+ Kh6 32. Qe3+ f4 33. Qh3+
Kg5 34. R7e5+ Qf5 35. Rxf5+ gxf5 36. Qxh7 Bxd5 37. Qg7+ 1-0

[Event "II Torneo C.V.A. A"]
[Site "Arvier ITA"]
[Date "2005.04.18"]
[Round "1"]
[White "Lattanzi, Domenico"]
[Black "Bjarnason, Oskar"]
[Result "0-1"]
[WhiteElo "1898"]
[BlackElo "2256"]
[PlyCount "40"]
[EventDate "2005.04.18"]

1. e4 d5 2. exd5 Qxd5 3. Nc3 Qa5 4. d4 Nf6 5. Nf3 Bg4 6. Qd3 Nc6 7. Be2 O-O-O
8. Be3 e5 9. O-O-O e4 10. Nxe4 Nb4 11. Qc4 Nxe4 12. d5 Nxa2+ 13. Kb1 Nec3+ 14.
bxc3 Nxc3+ 15. Kc1 Nxe2+ 16. Kb1 Nc3+ 17. Kc1 Ba3+ 18. Kd2 Rxd5+ 19. Bd4 Bxf3
20. gxf3 Rxd4+ 0-1

[Event "II Torneo C.V.A. A"]
[Site "Arvier ITA"]
[Date "2005.04.18"]
[Round "1"]
[White "Lundmark, Giorgio"]
[Black "Siegmund, Rainer"]
[Result "0-1"]
[WhiteElo "1825"]
[BlackElo "2149"]
[PlyCount "74"]
[EventDate "2005.04.18"]

1. e4 c5 2. Nf3 Nc6 3. d4 cxd4 4. Nxd4 Nf6 5. Nc3 e5 6. Nxc6 bxc6 7. Bc4 Bb4 8.
Bd2 Bxc3 9. Bxc3 Nxe4 10. Bxe5 Qe7 11. f3 Qxe5 12. fxe4 d5 13. Be2 dxe4 14. O-O
O-O 15. c3 Be6 16. Qa4 Qc5+ 17. Kh1 f5 18. Rad1 Rad8 19. h3 Kh8 20. Qc2 Qb6 21.
b3 c5 22. c4 h6 23. Bh5 Rxd1 24. Rxd1 Rd8 25. Rxd8+ Qxd8 26. Qf2 Qg5 27. Be2 f4
28. h4 Qe5 29. Qe1 Qd4 30. Qf1 Qe3 31. Qd1 Kh7 32. Bg4 Bg8 33. Bf5+ Kh8 34. Qd8
Qe1+ 35. Kh2 Qg3+ 36. Kh1 f3 37. Bh3 e3 0-1

[Event "II Torneo C.V.A. A"]
[Site "Arvier ITA"]
[Date "2005.04.18"]
[Round "1"]
[White "Ortega, Lexy"]
[Black "Malano, Francesco"]
[Result "1-0"]
[WhiteElo "2439"]
[BlackElo "2026"]
[PlyCount "63"]
[EventDate "2005.04.18"]

1. d4 c5 2. d5 e5 3. dxe6 fxe6 4. e4 Nc6 5. Nc3 d6 6. Nf3 Be7 7. Bf4 a6 8. a4
e5 9. Be3 Be6 10. Nd2 Nf6 11. Bc4 Bxc4 12. Nxc4 Nb4 13. Bg5 O-O 14. Bxf6 Rxf6
15. Nd5 Rg6 16. O-O Nc6 17. a5 Bg5 18. Ra3 Rb8 19. g3 Qd7 20. Kh1 Rf8 21. f4
exf4 22. gxf4 Bd8 23. f5 Rh6 24. Rg3 Qe8 25. Qg4 Qf7 26. Rfg1 g6 27. Nxd6 Qg7
28. f6 Bxf6 29. Qe6+ Kh8 30. Ne8 Nd4 31. Nxg7 Nxe6 32. Nxe6 1-0

[Event "II Torneo C.V.A. A"]
[Site "Arvier ITA"]
[Date "2005.04.18"]
[Round "1"]
[White "Papale, Carmelo"]
[Black "Vocaturo, Daniele"]
[Result "0-1"]
[WhiteElo "1955"]
[BlackElo "2303"]
[PlyCount "44"]
[EventDate "2005.04.18"]

1. e4 c5 2. Nf3 d6 3. d4 cxd4 4. Nxd4 Nf6 5. Nc3 g6 6. Bc4 Bg7 7. Be3 O-O 8. f3
Nc6 9. Qd2 Bd7 10. O-O-O Qa5 11. g4 Rfc8 12. Bb3 Ne5 13. h4 Nc4 14. Bxc4 Rxc4
15. Nde2 Rac8 16. Bh6 Bxh6 17. Qxh6 Be6 18. h5 g5 19. Rd3 Kh8 20. Rd5 Bxd5 21.
exd5 Rg8 22. Rd1 Rg7 0-1

[Event "II Torneo C.V.A. A"]
[Site "Arvier ITA"]
[Date "2005.04.18"]
[Round "1"]
[White "Rombaldoni, Axel"]
[Black "Di Cio', Enrico"]
[Result "1-0"]
[WhiteElo "2147"]
[BlackElo "1820"]
[PlyCount "59"]
[EventDate "2005.04.18"]

1. e4 e5 2. Nf3 Nc6 3. Bb5 a6 4. Ba4 Nf6 5. d3 d6 6. c3 Bd7 7. O-O Be7 8. Re1
O-O 9. d4 exd4 10. cxd4 b5 11. Bb3 Na5 12. Bc2 Bg4 13. Qd3 c5 14. Bg5 c4 15.
Qe3 Re8 16. e5 dxe5 17. dxe5 Bb4 18. Bxf6 gxf6 19. Qh6 f5 20. Ng5 Qc7 21. Nxh7
Re6 22. Nf6+ Rxf6 23. exf6 Bf8 24. Qg5+ Kh8 25. h3 Nc6 26. hxg4 Ne5 27. Bxf5
Ng6 28. Qh5+ Kg8 29. Bxg6 fxg6 30. Qxg6+ 1-0

[Event "II Torneo C.V.A. A"]
[Site "Arvier ITA"]
[Date "2005.04.18"]
[Round "1"]
[White "Rombaldoni, Denis"]
[Black "Bisignano, Giuseppe"]
[Result "1-0"]
[WhiteElo "2336"]
[BlackElo "1956"]
[PlyCount "59"]
[EventDate "2005.04.18"]

1. d4 Nf6 2. c4 e6 3. Nf3 b6 4. g3 Bb7 5. Bg2 c5 6. d5 exd5 7. Nh4 d6 8. Nc3 g6
9. Bg5 h6 10. Bxf6 Qxf6 11. Nxd5 Qxb2 12. Nc7+ Kd7 13. Bxb7 Qc3+ 14. Kf1 Kxc7
15. Bxa8 Qxc4 16. Qd5 Qc3 17. Qb7+ Kd8 18. Qxb8+ Ke7 19. Kg2 Kf6 20. Bd5 Qe5
21. Rhd1 Kg7 22. Qxa7 Be7 23. Nf3 Qf6 24. Qxb6 g5 25. a4 h5 26. h4 gxh4 27.
Nxh4 Rg8 28. Rab1 Kh6 29. Rh1 Qd4 30. Nf5+ 1-0

[Event "II Torneo C.V.A. A"]
[Site "Arvier ITA"]
[Date "2005.04.18"]
[Round "1"]
[White "Rossi, Giampiero"]
[Black "Abergel, Thal"]
[Result "0-1"]
[WhiteElo "2030"]
[BlackElo "2456"]
[PlyCount "56"]
[EventDate "2005.04.18"]

1. d4 Nf6 2. c4 e6 3. Nc3 Bb4 4. Qc2 Nc6 5. Nf3 d6 6. a3 Bxc3+ 7. Qxc3 a5 8. b3
O-O 9. e3 Qe7 10. Bb2 Re8 11. Be2 e5 12. O-O Bg4 13. Rfe1 e4 14. Nd2 Qd7 15.
Bf1 Ne7 16. h3 Bf5 17. g4 Bxg4 18. hxg4 Qxg4+ 19. Bg2 Nf5 20. f3 exf3 21. Nxf3
Ne4 22. Qd3 Re6 23. Ne5 Nf2 24. Nxg4 Nxd3 25. Rf1 Ng3 26. Rf3 Ne4 27. Bc1 Rg6
28. Nh2 Ne1 0-1